Vista normal Vista MARC

Entrada Materia (corporativa)

Número de registros utilizados en: 1

001 - CONTROL NUMBER

  • control field: 32924

003 - CONTROL NUMBER IDENTIFIER

  • control field: Co-BoUCM

005 - DATE AND TIME OF LATEST TRANSACTION

  • control field: 20130318101001.0

008 - FIXED-LENGTH DATA ELEMENTS

  • fixed length control field: 130318|| aca||aabn | a|a d

040 ## - CATALOGING SOURCE

  • Original cataloging agency: Co-BoUCM
  • Transcribing agency: Co-BoUCM

110 ## - HEADING--CORPORATE NAME

  • Corporate name or jurisdiction name as entry element: St. Paul's School (Concord, N.H.)
  • General subdivision: History.

670 ## - SOURCE DATA FOUND

  • Source citation: Work cat.: (Co-BoUCM)0: Khan, Shamus Rahman 32923, Privilege, 2011